Stade De Reims - Tous les joueurs de 2010 à 2025 - Statistiques

Statistiques générales
  • Ce quiz a été pris 94 fois
  • Le résultat moyen est 58 sur 195
Statistiques - réponses
Saisons Nationalité Joueur Nombre
De Matchs
Poste % Correct
2017 - 2024 Maroc YunisAbdelhamid 254 D
90%
2023 - Japon KeitoNakamura 65 A
84%
2018 - 2021 Sénégal BoulayeDIa 88 A
83%
2022 - 2025 Japon JunyaIto 106 A
83%
2019 - 2025 Sénégal YehvannDiouf 115 G
81%
2019 - 2025 Zimbabwe MarshallMunetsi 159 M
76%
2020 - 2022 Belgique WoutFaes 77 D
72%
2020 - 20212022 - 2025 Belgique ThibaultDe Smet 67 D
71%
2018 - 2024 Belgique ThomasFoket 189 D
71%
2016 - 2019 Sénégal EdouardMendy 86 G
69%
2022 - 2023 Etats - Unis FolarinBalogun 39 A
69%
2019 - 2022 Serbie PedragRajkovic 107 G
69%
2009 - 2016 Algerie AissaMandi 170 D
67%
2011 - 2015 GuinéeBissau BocundjiCa 82 M
67%
2007 - 20092010 - 2016 Togo KossiAgassa 195 G
67%
2023 - Malte TeddyTeuma 50 M
67%
2023 - Espagne SergioAkieme 50 D
66%
2012 - 2018 Bresil DiegoRigonato 164 M
64%
2014 - 20182024 - 2025 Etats - Unis JordanSiebatcheu 86 A
64%
2008 - 2016 Guadeloupe MickaelTacalfred 249 D
64%
2016 - 2020 France RémiOudin 116 A
64%
2023 - CoteD'Ivoire AbdoulKone 8 D
62%
2023 - 2025 CoteD'Ivoire AmadouKone 48 M
62%
2022 - 2025 CoteD'Ivoire EmmanuelAgbadou 80 D
62%
2009 - 20112012 - 2014 Pologne GrzegorzKrychowiak 132 M
62%
2021 - 2024 Guinée IbrahimDiakité 10 D
62%
2023 - 2025 CoteD'Ivoire OumarDiakite 61 A
62%
2017 - 2018 Mali YoussoufKone 20 D
62%
2020 - 2022 France HugoEkitike 28 A
60%
2023 - Kenya JosephOkumu 51 D
60%
2015 - 2017 Mali HamariTraoré 67 D
59%
2024 - Japon HirokiSekine 21 D
59%
2010 - 2017 France AnthonyWeber 203 D
57%
2018 - 2023 Kosovo ArberZeneli 82 A
57%
2016 - 2019 Argentine PabloChavarria 101 A
57%
2020 - 2022 Kosovo ValonBerisha 42 M
57%
2019 - 2022 Mali El BilalToure 68 A
55%
2022 - 2023 Australie MohamedTouré 3 A
55%
2008 - 2017 Cap - Vert OdairFortes 247 A
55%
2023 - Danemark MohamedDaramy 29 A
53%
2022 - 2025 France ValentinAtangana 63 M
53%
2021 - 2024 Pays - Bas AzorMatusiwa 78 M
52%
2006 - 2012 France CedricFaure 212 A
52%
2012 - 2016 Haiti JohnyPlacide 53 G
52%
2017 - 2021 France XavierChavalerin 139 M
52%
2012 - 2016 France NicolasDe Préville 111 A
50%
2016 - 2020 France AxelDisasi 53 D
48%
2021 - 2023 Suède Jens Cajuste 42 M
48%
2012 - 2016 France FranckSignorino 104 D
47%
2018 - 2020 Corée Du Sud Hyun - JunSuk 39 A
47%
2021 - Belgique MaximeBusi 49 D
47%
2021 - 2023 Guinée KamoryDoumbia 39 M
45%
2018 - 2022 Mali MoussaDoumbia 88 A
45%
2024 - 2025 Portugal AurelioButa 31 D
43%
2018 - 2019 Belgique BjornEngels 35 D
43%
2013 - 2017 France GaetanCharbonnier 137 A
43%
2018 - 2022 CoteD'Ivoire GhislainKonan 99 D
43%
2022 - France AlexandreOlliero 3 G
41%
2019 - 2022 Grèce AnastasiosDonis 38 A
41%
2013 - 20142015 - 2017 Turquie AtilaTuran 49 D
41%
2024 - 2025 CoteD'Ivoire CedricKipre 34 D
41%
2015 - 2020 CoteD'Ivoire HassanaKamara 77 D
41%
2024 - Irlande JohnPatrick 18 M
40%
2023 - 2025 Allemagne RedaKhadra 35 M
40%
2018 - 2020 Togo AlaixysRomao 62 M
38%
2012 - 2018 France AntoineDevaux 154 M
38%
2022 - 2025 France MamadouDiakhon 50 A
38%
2017 - 2022 France MathieuCafaro 91 A
38%
2020 - 2023 France AlexisFlips 65 M
36%
2024 - Mali Ange MartialTia 10 M
36%
2016 - 2018 Cap - Vert DanilsonDa Cruz 70 M
36%
2019 - 20212022 - 2023 Pays - Bas KajSierhuis 47 A
36%
2013 - 2015 Danemark MadsAlbaek 40 M
36%
2019 - 2023 RépubliqueDémocratique Du Congo NathanaelMbuku 84 M/A
36%
2023 - France AmineSalama 32 A
34%
2010 - 2015 Martinique ChristopherGlombard 110 D
34%
2010 - 2015 France GaetanCourtet 114 A
34%
2015 - 2017 Géorgie JabaKankava 49 M
34%
2024 - 2025 Mali NiamaPape Sissoko 6 A
34%
2022 - 2023 Autriche PatrickPentz 7 G
34%
2019 - 20202021 - 2022 France SambouSissoko 14 M
34%
2023 - 2024 Maroc AmirRichardson 28 M
33%
2013 - 2018 France GrejohnKyei 84 A
33%
2013 - 2017 Congo PrinceOniangue 98 M
33%
2017 - 2018 France ScottKyei 1 A
33%
2023 - CoteD'Ivoire YayaFofana 18 M
33%
2023 - 2024 Gambie AdamaBojang 11 A
31%
2014 - 2015 Cameroun BenjaminMoukandjo 32 A
31%
2024 - 2025 Brésil GabrielMoscardo 10 M
31%
2021 - 2022 Algérie IlanKebbal 34 M
31%
2015 - 2019 France JohannCarrasso 47 G
31%
2012 - 2016 Mali MohamedFofana 52 D
31%
2013 - 2017 Guinée AntoineConte 63 D
29%
2019 - 2021 Suisse DereckKutesa 48 A
29%
2021 - 2023 Pays - Bas MitchellVan Bergen 51 A
29%
2023 - 2025 France NhoaSangui 33 D
28%
2018 - 2019 Angleterre SheyiOjo 18 A
28%
2024 - CoteD'Ivoire Zabi 3 M
28%
2014 - 2016 France GrégoryBourillon 25 D
26%
2016 - 2018 Guinée JulianJeanvier 67 D
26%
2006 - 2012 France LucasDeaux 129 M
26%
2024 - 2025 Suède MalcolmJeng 4 D
26%
2016 - 2020 France NicolasLemaitre 7 G
26%
2024 - CoteD'Ivoire MoryGbane 19 M
24%
2020 - 2022 Ecosse FraserHornby 13 A
22%
2015 - 2017 Gabon FrédéricBulot 16 A
22%
2016 - 2018 France GrégoryBerthier 48 M
22%
2021 - 2023 Guadeloupe AndrewGravillon 42 D
21%
2014 - 2016 France DavidN'Gog 48 A
21%
2010 - 2011 France EmmanuelMartin 1 G
21%
2020 - 2022 Mali FodéDoucouré 10 D
21%
2011 - 2014 Algérie KamelGhilas 61 A
21%
2017 - 2019 France MarvinMartin 31 M
21%
2018 - 2022 GuinéeBissau MoretoCassama 57 M
21%
2012 - 2013 France NicolasFauvergue 25 A
21%
2016 - 2019 Madagascar RomainMétanire 63 D
21%
2011 - 2017 France AlexiPeuget 42 M
19%
2023 - 2024 France BenjaminStambouli 7 M
19%
2019 - 2021 Autriche DarioMaresic 10 D
19%
2023 - 2024 Angleterre JoshWilson - Esbrand 13 D
19%
2018 - 2020 Cameroun TristanDingomé 42 M
19%
2018 - 2019 Ghana AbdulRahman Baba 11 D
17%
2020 - 2023 Sénégal DionLopy 62 M
17%
2013 - 2015 Israel EliranAtar 25 A
17%
2011 - 2014 Togo FloydAyité 77 A
17%
2021 - 2023 France MartinAdeline 18 M
17%
2022 - 2023 Mali CheckKeita 10 D
16%
2016 - 2017 Sénégal IbrahimaBaldé 23 A
16%
2006 - 2013 France JohanLiébus 104 G
16%
2022 - 2023 Norvège NoahHolm 9 A
16%
2014 - 2015 Chypre ValentinRoberge 13 D
16%
2021 - 2023 France BradleyLocko 43 D
14%
2008 - 2013 France MatthieuFontaine 75 D
14%
2013 - 2017 RepubliqueDémocratique Du Congo NukeMfulu 23 M
14%
2018 - 2019 Madagascar ThomasFontaine 10 D
14%
2015 - 2019 France AlyNdom 71 M
12%
2017 - 2019 France AntoineNgamukol 31 A
12%
2010 - 2013 France JohannRamare 51 M
12%
2024 - Irlande IkeOrazi 2 A
10%
2021 - 2022 Sénégal MoustaphaMbow 3 D
10%
2017 - 2020 Congo NolanMbemba 26 M
10%
2016 - 2018 France SamuelBouhours 43 D
10%
2015 - 2016 Congo ThievyBifouma 14 A
10%
2011 - 2012 Algérie IdrissSaadi 10 A
9%
2021 - 2022 CoteD'Ivoire N'DriKoffi 12 A
9%
2010 - 2012 France RomainAmalfitano 68 M
9%
2021 - 2023 France SamuelKoeberle 3 M
9%
2022 - 2023 Sénégal FallouFall 1 D
7%
2010 - 2014 France FlorentGhisolfi 54 M
7%
2024 - Nigéria IbrahimHafiz Umar 14 A
7%
2015 - 2016 Guinée LassBangoura 10 A
7%
2024 - 2025 CoteD'Ivoire MohamedBamba 3 M
7%
2020 - 2021 Gambie MouhamadouDrammeh 7 M
7%
2011 - 2012 France QuentinPereira 6 M
7%
2019 - 2020 France TimotheNkada 8 A
7%
2015 - 2016 Maroc AbdelhamidEl Kaoutari 8 D
5%
2003 - 2011 France AlexandreBarbier 245 D
5%
2010 - 2013 Algérie BilalOuali 6 A
5%
2011 - 2012 France ClémentTainmont 32 A
5%
2015 - 2017 France HugoRodriguez 31 M
5%
2010 - 20112012 - 2013 Franxe JulienToudic 50 A
5%
2011 - 2013 Maroc KhalidSekkat 22 D
5%
2016 - 2018 France LennyVallier 3 D
5%
2022 - 2023 Comores MyzianeMaolida 10 A
5%
2022 - 2023 Algérie RafikGuitane 3 M
5%
2014 - 2015 RépubliqueDémocratique Du Congo ChrisMavinga 11 D
3%
2014 - 2015 France CyriackGarel 1 G
3%
2016 - 2017 France GregoireAmiot 16 D
3%
2011 - 2012 RépubliqueCentrafricaine KossingouBalamandji 1 M
3%
2024 - 2025 Mauritanie Mohamed AliDiadié 1 D
3%
2014 - 2015 France SachaBastien 1 G
3%
2017 - 2018 France SteveShamal 1 A
3%
2016 - 2017 France AndrewJung 3 A
2%
2011 - 2012 Guadeloupe CedricCollet 10 A
2%
2017 - 2018 France HendrickCakin 2 D
2%
2010 - 2012 Congo LucienAubey 15 D
2%
2010 - 2011 France MaximeThonnel 5 A
2%
2020 - 2021 Cameroun MoiseSakava 1 M
2%
2012 - 2013 Sénégal PapeSouaré 25 D
2%
2023 - 2024 France ThérenceKoudou 9 D
2%
2008 - 2011 Guadeloupe ThomasGamiette 98 M
2%
2023 - 2025 Cameroun Christ - EmmanuelLetono Mbondi 1 A
0%
2015 - 2016 France EdwinMaanane 1 A
0%
2010 - 2011 France FredericBiancalini 23 D
0%
2010 - 2011 France JeremyManzorro 2 M
0%
2010 - 2012 France JoachimIchane 26 D
0%
2008 - 2012 CoteD'Ivoire JonathanKodjia 25 A
0%
2023 - 2025 France KilianProuchet 1 D
0%
2009 - 2011 France LudovicGamboa 38 M
0%
2017 - 2018 France PaulPerrin 1 M
0%
2008 - 2011 France VincentGragnic 76 M
0%
2016 - 2017 France VirgilePiechochki 4 M
0%
2018 - 2019 France VirgilePinson 1 A
0%
2012 - 2013 France YannBenedick 1 A
0%
2010 - 2011 France ZahirGacem 1 M
0%
Aucun quiz correspondant
Distribution des résultats
% des personnes avec chaque résultat
Percentile par nombre de réponses
Votre historique - résultats
Vous n’avez pas pris ce quiz